| 000 | 00509nam a22001937a 4500 | ||
|---|---|---|---|
| 003 | OSt | ||
| 005 | 20160613131613.0 | ||
| 008 | 160613b xxu||||| |||| 00| 0 eng d | ||
| 020 | _a0071433600 | ||
| 040 | _cDLMN. | ||
| 082 | _aQV778P494t 2005 | ||
| 100 |
_aSchwinghammer,L.Teddy; _99373 |
||
| 245 | _aPharmacotherapy Casebook. | ||
| 260 |
_aNew York. _bMcGraw-Hill. _c2005. |
||
| 300 |
_axvii,445p; _bCol,ill; _c28cm. |
||
| 504 | _aincludes references. | ||
| 650 |
_aPharmacology. _9357 |
||
| 942 |
_2z _cO_SHELF |
||
| 999 |
_c4341 _d4341 |
||